Analysis of Eigenvalue based spectrum sensing techniques in Cognitive Radio Networks (Record no. 197867)
[ view plain ]
| 000 -LEADER | |
|---|---|
| fixed length control field | 00711 a2200181 4500 |
| 003 - CONTROL NUMBER IDENTIFIER | |
| control field | Nust |
| 005 - DATE AND TIME OF LATEST TRANSACTION | |
| control field | 20170207154457.0 |
| 040 ## - CATALOGING SOURCE | |
| Transcribing agency | Nust |
| 082 ## - DEWEY DECIMAL CLASSIFICATION NUMBER | |
| Classification number | 621.382 |
| 100 ## - MAIN ENTRY--PERSONAL NAME | |
| Personal name | Ikram, Ammar (MSEE-16) |
| 245 ## - TITLE STATEMENT | |
| Title | Analysis of Eigenvalue based spectrum sensing techniques in Cognitive Radio Networks |
| Statement of responsibility, etc. | Ammar Ikram |
| 260 ## - PUBLICATION, DISTRIBUTION, ETC. | |
| Place of publication, distribution, etc. | Rawalpindi |
| Name of publisher, distributor, etc. | MCS, NUST |
| Date of publication, distribution, etc. | 2013 |
| 300 ## - PHYSICAL DESCRIPTION | |
| Extent | viii,37, p; |
| 505 ## - FORMATTED CONTENTS NOTE | |
| Formatted contents note | Introduction (page-1) Spectrum sensing techniques (page-4) Eigenvalue based spectrum sensing techniques (page-7) Fast iterative eigenvalue problem algorithms (page-15) Computational complexity (page-24) Simulation and results (page-27) |
| 538 ## - SYSTEM DETAILS NOTE | |
| System details note | Almirah No. 69 Shelf No. 2 |
| 650 ## - SUBJECT ADDED ENTRY--TOPICAL TERM | |
| Topical term or geographic name entry element | PG Thesis |
| 651 ## - SUBJECT ADDED ENTRY--GEOGRAPHIC NAME | |
| Geographic name | MSEE-16 |
| 942 ## - ADDED ENTRY ELEMENTS (KOHA) | |
| Koha item type | |
| Withdrawn status | Lost status | Source of classification or shelving scheme | Damaged status | Not for loan | Collection code | Permanent Location | Current Location | Date acquired | Total Checkouts | Full call number | Barcode | Date last seen | Price effective from | Koha item type |
|---|---|---|---|---|---|---|---|---|---|---|---|---|---|---|
| Central Library (CL) | Central Library (CL) | 11/12/2020 | 621.3 | CL-T-1158 | 11/12/2020 | 11/12/2020 | ||||||||
| Central Library (CL) | Central Library (CL) | 11/13/2020 | 621.3 | CL-T-1157 | 11/13/2020 | 11/13/2020 | ||||||||
| Military College of Signals (MCS) | Military College of Signals (MCS) | 12/12/2016 | 621.382 IKR | MCSTEE-202 | 12/08/2016 | 12/12/2016 | Book |
